Corporate governance failures – causality and consequences
Pojem korporátneho riadenia v historicých súvislostiach. Chyby v korporátnom riadení vo vzťahu ku kríze. Prevencia zlyhaní.
Saved in:
| Main Author: | |
|---|---|
| Other Authors: | |
| Format: | Book Chapter |
| Language: | English |
| Subjects: | |
| Tags: |
No Tags, Be the first to tag this record!
|
MARC
| LEADER | 00000naa a2200000 4500 | ||
|---|---|---|---|
| 001 | 0165821 | ||
| 005 | 20240710080002.5 | ||
| 041 | 0 | |a eng | |
| 044 | |a SK | ||
| 245 | 1 | 0 | |a Corporate governance failures – causality and consequences |c Peter Knapik, Daniel Krajčík |
| 520 | |a Pojem korporátneho riadenia v historicých súvislostiach. Chyby v korporátnom riadení vo vzťahu ku kríze. Prevencia zlyhaní. | ||
| 610 | 2 | 0 | |a správa spoločnosti |
| 610 | 2 | 0 | |a správa podniku |
| 610 | 2 | 0 | |a korporácie |
| 610 | 2 | 0 | |a kríza hospodárska |
| 610 | 2 | 0 | |a etika podnikateľská |
| 610 | 2 | 0 | |a etika manažérska |
| 610 | 2 | 0 | |a risk management |
| 100 | 1 | |a Knapik, Peter | |
| 700 | 1 | |a Krajčík, Daniel, 1981- | |